Catálogo
 En Linea
Vista normal Vista MARC

Entrada Nombre personal

Número de registros utilizados en: 1

001 - NÚMERO DE CONTROL

  • campo de control: 82993

003 - IDENTIFICADOR DEL NÚMERO DE CONTROL

  • campo de control: BNPHU

005 - FECHA Y HORA DE LA ÚLTIMA TRANSACCIÓN

  • campo de control: 20240305122231.0

008 - DATOS DE LONGITUD FIJA

  • campo de control de longitud fija: 221206|| aca||aabn | a|a d

040 ## - FUENTE DE LA CATALOGACIÓN

  • Centro catalogador/agencia de origen: DO-SdBNP
  • Lengua de catalogación: spa
  • Centro/agencia transcriptor: BNPHU
  • Normas de descripción: rda

082 ## - SIGNATURA TOPOGRÁFICA DECIMAL DEWEY

  • Número de clasificación: RD863.5

100 1# - ENCABEZAMIENTO-NOMBRE DE PERSONA

  • Nombre de persona: Pérez Acosta, Yairys

370 ## - LUGAR ASOCIADO

  • Lugar de nacimiento: Neyba, Bahoruco

372 ## - CAMPO DE ACTIVIDAD

  • Campo de actividad: Educación (Mención Biología-Química)

375 ## - GÉNERO/SEXO

  • Género/Sexo: Femenino

377 ## - LENGUA/LENGUAJE ASOCIADO

  • Código del idioma: spa

400 1# - TRAZADO DE VÉASE--NOMBRE DE PERSONA

  • Nombre de persona: Pérez A., Yairys Adyaline

400 1# - TRAZADO DE VÉASE--NOMBRE DE PERSONA

  • Nombre de persona: Pérez A., Yairys A.

670 ## - FUENTE DE DATOS ENCONTRADOS

  • Cita de la fuente: Work cat.: (DO-SdBNP)53072: Pérez Acosta, Yairys, El amor de familia /, 2022.

Con tecnología Koha